Учебник английского языка. Ч.1 (Запись № 13491836)

Подробности
000 -МАРКЕР
контрольное поле 00897nam2a22002171 4500
001 - ИДЕНТИФИКАТОР ЗАПИСИ
контрольное поле RU\NLR\A1SV\140600
005 - ИДЕНТИФИКАТОР ВЕРСИИ
контрольное поле 20251214192610.0
035 ## - ДРУГИЕ СИСТЕМНЫЕ НОМЕРА
Идентификатор записи (NLR Aleph) 010781971
100 ## - ДАННЫЕ ОБЩЕЙ ОБРАБОТКИ
Данные общей обработки 20150608d1922 u y0rusy50 ca
101 0# - ЯЗЫК РЕСУРСА
Язык текста, звукозаписи и т.д. русский
200 0# - ЗАГЛАВИЕ И СВЕДЕНИЯ ОБ ОТВЕТСТВЕННОСТИ
Основное заглавие Ч.1
210 ## - ПУБЛИКАЦИЯ, РАСПРОСТРАНЕНИЕ И ДР.
Дата издания, распространения и т.д. 1922
215 ## - ФИЗИЧЕСКАЯ ХАРАКТЕРИСТИКА
Специфическое обозначение материала и объем 111 с.
461 #1 - УРОВЕНЬ НАБОРА
Встроенное поле 001RU\NLR\A1SV\140599
-- 2000#$aУчебник английского языка$fСост. Р.О.Эрч и И.Ч.Эрч$gПерепеч. со 2-го изд.$vЧ.1
-- 700#1$aЭрч$bР.О.$gРеджинальд Оливерович
Системный номер (АБИС) связанной записи 10072657
Автор Эрч, Р.О.
Место публикации Иваново-Вознесенск
Дата публикации 1922
Первые сведения об ответственности Сост. Р.О.Эрч и И.Ч.Эрч
Имя издателя, распространителя и т.д. Изд. бюро при И.-В. П.И.
Заглавие Учебник английского языка
Номер тома Ч.1
801 #0 - ИСТОЧНИК ЗАПИСИ
Страна Российская Федерация
Организация NLR
Дата составления 20150608
852 ## - МЕСТОНАХОЖДЕНИЕ И ШИФР ХРАНЕНИЯ
Идентификатор организации NLR
Шифр хранения (Call Number) 38.3.6.16
942 ## - ДОПОЛНИТЕЛЬНЫЕ ЭЛЕМЕНТЫ ЗАПИСИ (АБИС)
Тип экземпляра АБИС Книга
980 ## - КОЛЛЕКЦИЯ
Название коллекции Международный сводный каталог русской книги (1918-1926)
980 ## - КОЛЛЕКЦИЯ
Название коллекции Национальная библиография

Нет доступных экземпляров.